Statistics for Countries That Are Enclaves

Click here to take the quiz!

General Stats

  • This quiz has been taken 414 times
    (413 since last reset)
  • The average score is 5 of 5

Answer Stats

Surrounding CountryEnclave% Correct
South AfricaLesotho
98%
ItalySan Marino
98%
FranceMonaco
95%
ItalyVatican City
95%
SenegalGambia
89%

Score Distribution

Percentile by Number Answered

Percent of People with Each Score

Your Score History

You have not taken this quiz since the last reset